000
00320nam a22001457a 4500
008
210609b ||||| |||| 00| 0 eng d
020
_a
0812105214
041
_a
eng
080
_a
61
082
_a
61
100
_a
3
101
_a
SHM
245
_a
Pulmonary Diagnostic Techniques
_c
Thomas L. Petty
942
_2
udc
_c
BK
999
_c
58087
_d
58087